000 00256nam a22001097a 4500
082 _a671.2 FLI'F
100 _aFLINN, RICHARD A
_957357
245 _aFUNDAMENTALS OF METAL CASTING
260 _aLONDON
_bADDISON WESLEY
_c1963
300 _a324P
942 _cBK
999 _c567647
_d567647